000 00512nam a2200181Ia 4500
005 20250923144408.0
008 008 250917s9999 xx 000 0 eng d
037 _aTextual
040 _aDSWL
_beng
_cDSWL
041 _aeng
_2eng
084 _aY1xM93, J11
_qDSWL
100 _aMannhem, Karl
_9824458
245 0 _aFreedom power and democratic planning
_cby Karl Mannhem
260 _aLondon
_c1951
300 _a384 p.
942 _cTEXL
_hY1xM93, J11
999 _c1438328
_d1438328